书目信息 |
| 题名: |
图解做自己的心理医生
|
|
| 作者: | 齐瑞 编 | |
| 分册: | ||
| 出版信息: | 北京 中国华侨出版社 2018 |
|
| 页数: | 402页 | |
| 开本: | 25cm | |
| 丛书名: | ||
| 单 册: | ||
| 中图分类: | R161.1-64 | |
| 科图分类: | ||
| 主题词: | 心理保健--Xin Li Bao Jian--图解 | |
| 电子资源: | ||
| ISBN: | 978-7-5113-6958-1 | |
| 000 | 01157nam0 2200277 450 | |
| 001 | 012001000505 | |
| 005 | 20131106105048.0 | |
| 010 | @a978-7-5113-6958-1@dCNY68.00 | |
| 099 | @aCAL 012018077590 | |
| 100 | @a20180625d2018 em y0chiy50 ea | |
| 101 | 0 | @achi |
| 102 | @aCN@b110000 | |
| 105 | @aak z 000yy | |
| 106 | @ar | |
| 200 | 1 | @a图解做自己的心理医生@ATu Jie Zuo Zi Ji De Xin Li Yi Sheng@e现代人的心理困惑与自我调适之道@e彩图典藏版@f齐瑞编 |
| 210 | @a北京@c中国华侨出版社@d2018 | |
| 215 | @a402页@c彩图@d25cm | |
| 300 | @a经典读本 理想藏书 精编精解 全彩读本 | |
| 330 | @a本书分四篇,包括:常见不良心态、人格障碍的心理自疗、管理好情绪,轻松前行、人生各阶段的心理危机与应对之道、心理疾病的自我诊断与治疗。主要内容包括:常见不良心态的心理自疗;窥视现代人人格上的漏洞;掌握情绪的转换器等。 | |
| 517 | 1 | @a做自己的心理医生@AZuo Zi Ji De Xin Li Yi Sheng |
| 517 | 1 | @a现代人的心理困惑与自我调适之道@Axian dai ren de xin li kun huo yu zi wo tiao shi zhi dao |
| 606 | 0 | @a心理保健@AXin Li Bao Jian@j图解 |
| 690 | @aR161.1-64@v4 | |
| 701 | 0 | @a齐瑞@AQi Rui@4编 |
| 801 | 0 | @aCN@b北京卓展文化@c20191020 |
| 905 | @b1196265-8@dR161.1-64@e270@f4 | |
| 图解做自己的心理医生:现代人的心理困惑与自我调适之道:彩图典藏版/齐瑞编.-北京:中国华侨出版社,2018 |
| 402页:彩图;25cm |
| 经典读本 理想藏书 精编精解 全彩读本 |
| ISBN 978-7-5113-6958-1:CNY68.00 |
| 本书分四篇,包括:常见不良心态、人格障碍的心理自疗、管理好情绪,轻松前行、人生各阶段的心理危机与应对之道、心理疾病的自我诊断与治疗。主要内容包括:常见不良心态的心理自疗;窥视现代人人格上的漏洞;掌握情绪的转换器等。 |
| ● |
| 相关链接 |
|
|
|
|
正题名:图解做自己的心理医生
索取号:R161.1-64/270
 
预约/预借
| 序号 | 登录号 | 条形码 | 馆藏地/架位号 | 状态 | 备注 |
| 1 | 1196265 | 211962651 | 第二样本阅览室/ [索取号:R161.1-64/270] | 在馆 | |
| 2 | 1196266 | 211962660 | 第三借阅区/ [索取号:R161.1-64/270] | 在馆 | |
| 3 | 1196267 | 211962679 | 第三借阅区/ [索取号:R161.1-64/270] | 在馆 | |
| 4 | 1196268 | 211962688 | 第三借阅区/ [索取号:R161.1-64/270] | 在馆 |